Study of discrimination in the matter of political rights (Record no. 490474)

000 -LEADER
fixed length control field 00336cam a22001097a 4500
008 - FIXED-LENGTH DATA ELEMENTS--GENERAL INFORMATION
fixed length control field 180718b1962 xxu||||| |||| 00| 0 eng d
082 ## - DEWEY DECIMAL CLASSIFICATION NUMBER
Classification number C41 Un3s
100 ## - MAIN ENTRY--PERSONAL NAME
Personal name Santa Cruz, Hernam
245 ## - TITLE STATEMENT
Title Study of discrimination in the matter of political rights
Statement of responsibility, etc. by Hernam Santa Cruz
260 ## - PUBLICATION, DISTRIBUTION, ETC.
Place of publication, distribution, etc. New Delhi
Name of publisher, distributor, etc. United Nations
Date of publication, distribution, etc. 1962
300 ## - PHYSICAL DESCRIPTION
Extent 105+p.
Holdings
Withdrawn status Lost status Damaged status Not for loan Permanent Location Current Location Date acquired Full call number Barcode Date last seen Price effective from Koha item type
        Indian Institute of Public Administration Indian Institute of Public Administration 2018-08-04 C41 Un3s G3383 2018-08-04 2018-08-04 G
        Indian Institute of Public Administration Indian Institute of Public Administration 2018-08-04 C41 Un3s GG9071 2018-08-04 2018-08-04 GG

Powered by Koha